Normal view
MARC view
- The Times, London
Entry Corporate Name
001 - CONTROL NUMBER
- control field: 50085
003 - CONTROL NUMBER IDENTIFIER
- control field: NUST
005 - DATE AND TIME OF LATEST TRANSACTION
- control field: 20210314134527.0
008 - FIXED-LENGTH DATA ELEMENTS
- fixed length control field: 210314|| aca||aabn | a|a d
040 ## - CATALOGING SOURCE
- Original cataloging agency: NUST
- Transcribing agency: NUST
110 ## - HEADING--CORPORATE NAME
- Corporate name or jurisdiction name as entry element: The Times, London
670 ## - SOURCE DATA FOUND
- Source citation: Work cat.: (NUST): Amery, L. S. 50081, The Times history of the war in South Africa,, 1900-09.
